Sports Quiz

Random Sports or Color Quiz

Inverted-Color Logos (MLB) Quiz Stats

 Plays Quiz not verified by Sporcle

Challenge
Share
Tweet
Score 0/30 Timer 02:00
0 Plays Today
% Correct
White Sox
81.6%
Yankees
80.7%
Royals
79.9%
Phillies
78%
Dodgers
78%
Athletics
77.8%
Pirates
77.4%
Indians
77.2%
Blue Jays
77.2%
Rangers
77.1%
Padres
77.1%
Rockies
76.9%
Brewers
76.4%
Marlins
76.3%
Nationals
76.1%
% Correct
Giants
76.1%
Red Sox
75.7%
Orioles
75.5%
Tigers
75.4%
Rays
75%
Astros
74.6%
Cubs
74.6%
Angels
73.8%
Braves
73.8%
Mets
73.2%
Diamondbacks
71.5%
Reds
71.1%
Cardinals
71%
Mariners
70.5%
Twins
66.3%

You're not logged in!

Compare scores with friends on all Sporcle quizzes.
OR
Log In

You Might Also Like...

Show Comments

Extras

Top Quizzes Today


Score Distribution

Your Account Isn't Verified!

In order to create a playlist on Sporcle, you need to verify the email address you used during registration. Go to your Sporcle Settings to finish the process.

Report this User

Report this user for behavior that violates our Community Guidelines.

Details: